[Event "7th Essent op"]
[Site "Hoogeveen NED"]
[Date "2003.10.10"]
[Round "1.1"]
[White "Motylev, Alexander"]
[Black "Lorscheid, Gerhard"]
[Result "1-0"]
[WhiteElo "2634"]
[BlackElo "2297"]
[EventDate "2003.10.10"]
[PlyCount "82"]

1.e4 d6 2.d4 g6 3.Nc3 Bg7 4.Bg5 Nd7 5.Qd2 a6 6.f4 b5 7.Nf3 Bb7 8.e5 f6 9.
Bh4 Nh6 10.Bd3 c5 11.exd6 exd6 12.O-O O-O 13.Be4 Bxe4 14.Nxe4 Qc7 15.dxc5 
dxc5 16.Qd5+ Kh8 17.Rad1 Rae8 18.Nd6 Re2 19.Qb7 Qxb7 20.Nxb7 Rf7 21.Rf2 
Rxf2 22.Bxf2 Bf8 23.h3 Kg8 24.b3 Nf5 25.g4 Ng7 26.Nd8 Re7 27.Kg2 Nb8 28.
Bxc5 Re2+ 29.Kf1 Rxc2 30.Ba7 Nc6 31.Nxc6 Rxc6 32.Rd7 Bd6 33.Be3 Ne8 34.Nd4
Rc7 35.Rd8 Kf7 36.Ke2 Bc5 37.Kd3 Bb4 38.Ra8 Rc3+ 39.Ke2 Bd6 40.Rd8 Rc7 41.
Kd3 Bc5 1-0

[Event "7th Essent op"]
[Site "Hoogeveen NED"]
[Date "2003.10.10"]
[Round "1.2"]
[White "Ris, Robert"]
[Black "Inarkiev, Ernesto"]
[Result "0-1"]
[WhiteElo "2297"]
[BlackElo "2593"]
[EventDate "2003.10.10"]
[PlyCount "42"]

1.e4 g6 2.d4 Bg7 3.Nc3 d6 4.Be3 a6 5.Qd2 Nd7 6.Nf3 b5 7.a4 b4 8.Ne2 Ngf6 
9.Ng3 Ng4 10.Bd3 Nxe3 11.Qxe3 c5 12.a5 cxd4 13.Nxd4 Qc7 14.O-O O-O 15.Rfd1
Nc5 16.Nge2 Bb7 17.Ra2 Rad8 18.f4 e5 19.Nb3 Nxd3 20.Qxd3 d5 21.Qe3 Qxc2 
0-1

[Event "7th Essent op"]
[Site "Hoogeveen NED"]
[Date "2003.10.10"]
[Round "1.3"]
[White "Rogers, Ian"]
[Black "Van Beek, Alexander"]
[Result "1/2-1/2"]
[WhiteElo "2574"]
[BlackElo "2276"]
[EventDate "2003.10.10"]
[PlyCount "53"]

1.d4 d5 2.c4 c6 3.Nf3 Nf6 4.Qc2 e6 5.g3 Nbd7 6.Bg2 Bd6 7.O-O O-O 8.Nbd2 
Re8 9.Rd1 Qe7 10.e4 dxe4 11.Nxe4 Nxe4 12.Qxe4 e5 13.dxe5 Nxe5 14.Ng5 f5 
15.Qc2 Bc5 16.Re1 Qf6 17.Bf4 Bd7 18.Bxe5 Rxe5 19.Rxe5 Qxe5 20.Rd1 Be8 21.
Qd2 Qf6 22.Re1 Rd8 23.Bd5+ cxd5 24.Rxe8+ Rxe8 25.Qxd5+ Kh8 26.Nf7+ Kg8 27.
Ng5+ 1/2-1/2

[Event "7th Essent op"]
[Site "Hoogeveen NED"]
[Date "2003.10.10"]
[Round "1.4"]
[White "De Jong, Migchiel"]
[Black "Dvoirys, Semen I"]
[Result "0-1"]
[WhiteElo "2274"]
[BlackElo "2569"]
[EventDate "2003.10.10"]
[PlyCount "86"]

1.Nf3 c5 2.b3 d5 3.e3 Nf6 4.Bb2 e6 5.d4 Nc6 6.Bd3 Be7 7.O-O O-O 8.Nbd2 b6 
9.a3 Bb7 10.c4 Rc8 11.Qe2 Re8 12.Rad1 Bf8 13.Ne5 cxd4 14.Nxc6 Bxc6 15.exd4
g6 16.Nf3 dxc4 17.bxc4 Nd7 18.Nd2 Bg7 19.Ne4 Nf6 20.Ng3 Qc7 21.Bc2 Bb7 22.
Bb3 Red8 23.f3 Ba6 24.Rc1 Ne8 25.Qf2 Nd6 26.d5 Bxb2 27.Qxb2 Qc5+ 28.Kh1 
exd5 29.cxd5 Qe3 30.Rfe1 Rxc1 31.Rxc1 Re8 32.h3 Qf4 33.Ne4 Nxe4 34.fxe4 
Rxe4 35.d6 Qxd6 36.Rd1 Qe7 37.Qc3 Re3 38.Rd8+ Qxd8 39.Qxe3 Bb7 40.Qf4 Qe7 
41.Kh2 Kg7 42.Qd4+ f6 43.Qc4 Qe4 0-1

[Event "7th Essent op"]
[Site "Hoogeveen NED"]
[Date "2003.10.10"]
[Round "1.5"]
[White "Hebden, Mark"]
[Black "Van Doeland, Julius"]
[Result "1-0"]
[WhiteElo "2560"]
[BlackElo "2273"]
[EventDate "2003.10.10"]
[PlyCount "80"]

1.d4 d5 2.Nf3 c6 3.c4 Nf6 4.e3 Bg4 5.h3 Bxf3 6.Qxf3 e6 7.Bd3 Be7 8.O-O O-O
9.Nc3 Nbd7 10.Rd1 Qa5 11.Bd2 Qb6 12.Rab1 Rad8 13.Be1 Kh8 14.Qe2 c5 15.cxd5
exd5 16.Bb5 a6 17.Bxd7 Rxd7 18.Na4 Qe6 19.dxc5 d4 20.b3 dxe3 21.Qxe3 Qxe3 
22.fxe3 Rc7 23.b4 Re8 24.Rd3 h5 25.Nc3 Rc6 26.Bh4 b6 27.cxb6 Rxb6 28.Bxf6 
Bxf6 29.Nd5 Rc6 30.Nxf6 Rxf6 31.Rf1 Rb6 32.Rxf7 Rxb4 33.Rdd7 Rxe3 34.Rxg7 
h4 35.Rh7+ Kg8 36.Rdg7+ Kf8 37.Ra7 Kg8 38.Rhc7 Re8 39.Rxa6 Rb1+ 40.Kh2 Rb2
1-0

[Event "7th Essent op"]
[Site "Hoogeveen NED"]
[Date "2003.10.10"]
[Round "1.6"]
[White "Wempe, Joost"]
[Black "Glek, Igor Vladimirovich"]
[Result "0-1"]
[WhiteElo "2259"]
[BlackElo "2555"]
[EventDate "2003.10.10"]
[PlyCount "86"]

1.e4 e6 2.d4 d5 3.e5 c5 4.c3 Nc6 5.Nf3 Nge7 6.Na3 cxd4 7.cxd4 Nf5 8.Nc2 
Bd7 9.Be2 Nb4 10.Nxb4 Bxb4+ 11.Bd2 Qb6 12.Bxb4 Qxb4+ 13.Qd2 a5 14.a3 Qxd2+
15.Kxd2 a4 16.h4 Ne7 17.h5 h6 18.Ke3 Nc6 19.g4 Na5 20.Nd2 b5 21.Rac1 Rb8 
22.Rc3 Nc4+ 23.Bxc4 bxc4 24.Rc2 O-O 25.f4 f6 26.Rh2 fxe5 27.fxe5 Be8 28.
Nb1 g6 29.Nc3 gxh5 30.gxh5 Rf5 31.Rcf2 Rxf2 32.Rxf2 Kg7 33.Rh2 Rb3 34.Kf4 
Rb7 35.Kg3 Kh7 36.Rf2 Rg7+ 37.Kf4 Bxh5 38.Rh2 Be8 39.Ne2 Bg6 40.Ng3 Rf7+ 
41.Ke3 Rb7 42.Rd2 Rb3+ 43.Kf4 c3 0-1

[Event "7th Essent op"]
[Site "Hoogeveen NED"]
[Date "2003.10.10"]
[Round "1.8"]
[White "Giddins, Stephen"]
[Black "Izoria, Zviad"]
[Result "0-1"]
[WhiteElo "2237"]
[BlackElo "2546"]
[EventDate "2003.10.10"]
[PlyCount "66"]

1.Nf3 d5 2.d4 Nf6 3.c4 e6 4.Nc3 Bb4 5.e3 O-O 6.Bd3 c5 7.O-O cxd4 8.exd4 
dxc4 9.Bxc4 Nbd7 10.Bg5 Bxc3 11.bxc3 Qc7 12.Bd3 b6 13.c4 Bb7 14.Bh4 Be4 
15.Rc1 Rac8 16.Re1 Bxd3 17.Qxd3 Qb7 18.a4 Rfe8 19.Qb3 Ne4 20.a5 Nd6 21.
axb6 axb6 22.Bg3 Nf5 23.Bf4 h6 24.h3 Red8 25.c5 Ne7 26.Rxe6 Qd5 27.Re3 
bxc5 28.dxc5 Nxc5 29.Qa3 Ng6 30.Be5 Ne4 31.Rxc8 Rxc8 32.Rd3 Qb5 33.Bg3 
Qb1+ 0-1

[Event "7th Essent op"]
[Site "Hoogeveen NED"]
[Date "2003.10.10"]
[Round "1.9"]
[White "Grigoriants, Sergey"]
[Black "Willemze, Thomas"]
[Result "1-0"]
[WhiteElo "2525"]
[BlackElo "2232"]
[EventDate "2003.10.10"]
[PlyCount "58"]

1.e4 c6 2.d4 d5 3.exd5 cxd5 4.c4 Nf6 5.Nc3 e6 6.Nf3 Nc6 7.c5 Be7 8.Bb5 O-O
9.O-O Bd7 10.Bf4 b6 11.Bxc6 Bxc6 12.Ne5 Be8 13.b4 Ne4 14.Qc2 f6 15.Nd3 Bg6
16.Qb2 Qd7 17.Rfe1 Rae8 18.Rad1 Bd8 19.f3 Nxc3 20.Qxc3 Qb5 21.Bd6 bxc5 22.
Nxc5 Be7 23.Bxe7 Rxe7 24.Nxe6 Rfe8 25.Nc7 Rxe1+ 26.Rxe1 Rxe1+ 27.Qxe1 Qb7 
28.Qe7 h6 29.h3 Kh7 1-0

[Event "7th Essent op"]
[Site "Hoogeveen NED"]
[Date "2003.10.10"]
[Round "1.10"]
[White "Dogge, Marc"]
[Black "Beshukov, Sergei"]
[Result "0-1"]
[WhiteElo "2228"]
[BlackElo "2506"]
[EventDate "2003.10.10"]
[PlyCount "74"]

1.e4 c5 2.Nf3 e6 3.d4 cxd4 4.Nxd4 Nc6 5.Nb5 d6 6.c4 Nf6 7.N1c3 a6 8.Na3 b6
9.Be2 Bb7 10.O-O Nb8 11.f3 Nbd7 12.Be3 Be7 13.Qd2 Qc7 14.Rac1 O-O 15.Nc2 
Rac8 16.Rfd1 Rfe8 17.Kh1 Qb8 18.Bf1 Kh8 19.Qf2 Bd8 20.Nd4 Bc7 21.Nde2 Rg8 
22.Qh4 Ne5 23.b3 Bd8 24.Bg5 Rc5 25.Nf4 Ned7 26.Nd3 Rc8 27.Nf4 Nf8 28.e5 
dxe5 29.Rxd8 Rxd8 30.Bxf6 Rd4 31.Qh5 gxf6 32.Nfe2 Rd7 33.Ng3 Qd8 34.Qh6 f5
35.Qe3 Ng6 36.Nh5 f4 37.Qf2 Qg5 0-1

[Event "7th Essent op"]
[Site "Hoogeveen NED"]
[Date "2003.10.10"]
[Round "1.11"]
[White "Janssen, Ruud"]
[Black "Timmermans, Ivo"]
[Result "1-0"]
[WhiteElo "2489"]
[BlackElo "2213"]
[EventDate "2003.10.10"]
[PlyCount "67"]

1.c4 e5 2.g3 Nf6 3.Bg2 Nc6 4.Nc3 Bb4 5.Nd5 Bc5 6.e3 d6 7.Ne2 O-O 8.O-O a6 
9.d3 Nxd5 10.cxd5 Ne7 11.d4 Ba7 12.dxe5 dxe5 13.b3 Nf5 14.Ba3 Nd6 15.Rc1 
Bg4 16.h3 Bf5 17.Qd2 Re8 18.g4 Bg6 19.Ng3 Rc8 20.Kh2 e4 21.Bb2 Qh4 22.Qc3 
f6 23.a4 Nf7 24.Qb4 Nh6 25.Qxb7 Bxe3 26.fxe3 Nxg4+ 27.Kg1 Nxe3 28.Ne2 Nxg2
29.Kxg2 Rb8 30.Qxc7 Rxb3 31.Bc3 Qg5+ 32.Kh2 Qxd5 33.Nf4 Qa8 34.Nxg6 1-0

[Event "7th Essent op"]
[Site "Hoogeveen NED"]
[Date "2003.10.10"]
[Round "1.12"]
[White "Doggers, Peter"]
[Black "Pert, Nicholas"]
[Result "0-1"]
[WhiteElo "2209"]
[BlackElo "2488"]
[EventDate "2003.10.10"]
[PlyCount "86"]

1.e4 e6 2.d4 d5 3.Nc3 Bb4 4.e5 c5 5.a3 Bxc3+ 6.bxc3 cxd4 7.cxd4 Qa5+ 8.Qd2
Qxd2+ 9.Bxd2 b6 10.a4 Ba6 11.Bb5+ Bxb5 12.axb5 a5 13.bxa6 Rxa6 14.Rxa6 
Nxa6 15.Nf3 Ne7 16.Ke2 Kd7 17.Rb1 Nc8 18.Rb3 Nb8 19.Ne1 Nc6 20.Bc3 Kc7 21.
f4 N8e7 22.Nf3 h6 23.Ra3 b5 24.Ra1 Rb8 25.Nd2 Ng6 26.g3 b4 27.Bb2 Nf8 28.
Nb3 Nd7 29.Bc1 Kb6 30.Bd2 Kb5 31.Kd3 f6 32.f5 fxe5 33.fxe6 e4+ 34.Ke2 Nf8 
35.e7 Ng6 36.Rf1 Re8 37.h4 Kc4 38.Ke3 Ngxe7 39.g4 h5 40.gxh5 Rh8 41.Rf7 
Rxh5 42.Na5+ Nxa5 43.Rxe7 Rxh4 0-1

[Event "7th Essent op"]
[Site "Hoogeveen NED"]
[Date "2003.10.10"]
[Round "1.13"]
[White "Stellwagen, Daniel"]
[Black "Markus, John Raymond"]
[Result "1-0"]
[WhiteElo "2487"]
[BlackElo "2206"]
[EventDate "2003.10.10"]
[PlyCount "51"]

1.e4 e5 2.Nf3 Nc6 3.Bb5 a6 4.Ba4 Nf6 5.O-O b5 6.Bb3 Bc5 7.d3 h6 8.a4 Rb8 
9.Nc3 d6 10.axb5 axb5 11.Nd5 Bg4 12.c3 O-O 13.h3 Be6 14.d4 exd4 15.cxd4 
Nxd4 16.Nxd4 Nxe4 17.Be3 Bxd4 18.Qxd4 Ng5 19.f4 c5 20.Qd1 Nxh3+ 21.gxh3 
Bxh3 22.Re1 Be6 23.Bc2 Re8 24.Bf2 c4 25.Nb4 Qf6 26.Qd4 1-0

[Event "7th Essent op"]
[Site "Hoogeveen NED"]
[Date "2003.10.10"]
[Round "1.14"]
[White "Hulshof, Peter"]
[Black "l`Ami, Erwin"]
[Result "0-1"]
[WhiteElo "2202"]
[BlackElo "2470"]
[EventDate "2003.10.10"]
[PlyCount "54"]

1.e4 c6 2.d4 d5 3.e5 Bf5 4.g4 Be4 5.f3 Bg6 6.h4 h5 7.Ne2 e6 8.Nf4 hxg4 9.
Nxg6 fxg6 10.Qd3 Kd7 11.Qxg6 gxf3 12.Bh3 Qxh4+ 13.Kf1 Qxh3+ 14.Rxh3 Rxh3 
15.Qf7+ Be7 16.Qxg8 Na6 17.Qxg7 Rh1+ 18.Kf2 Rxc1 19.Qh6 Rd1 20.Qh7 Rf8 21.
c3 Rf5 22.a4 c5 23.c4 Nb4 24.Nc3 Nd3+ 25.Ke3 cxd4+ 26.Kxd4 Rf4+ 27.Ke3 d4#
0-1

[Event "7th Essent op"]
[Site "Hoogeveen NED"]
[Date "2003.10.10"]
[Round "1.15"]
[White "Baramidze, David"]
[Black "Ahlers, Ben"]
[Result "1-0"]
[WhiteElo "2463"]
[BlackElo "2200"]
[EventDate "2003.10.10"]
[PlyCount "47"]

1.e4 e6 2.d4 d5 3.Nc3 Bb4 4.e5 c5 5.a3 Bxc3+ 6.bxc3 Ne7 7.Nf3 Bd7 8.Bd3 c4
9.Be2 O-O 10.h4 Nbc6 11.h5 f6 12.h6 g6 13.exf6 Rxf6 14.Bg5 Rf7 15.Qd2 Qc7 
16.O-O Raf8 17.Rae1 Nc8 18.Bh4 Qa5 19.Ng5 Rf5 20.Bg4 Rf4 21.Qe2 Rxg4 22.
Qxg4 Qxc3 23.Nxe6 Nd6 24.Qg3 1-0

[Event "7th Essent op"]
[Site "Hoogeveen NED"]
[Date "2003.10.10"]
[Round "1.16"]
[White "Spoelman, Wouter"]
[Black "Van der Werf, Mark"]
[Result "1-0"]
[WhiteElo "2193"]
[BlackElo "2423"]
[EventDate "2003.10.10"]
[PlyCount "115"]

1.e4 c5 2.Nf3 e6 3.d4 cxd4 4.Nxd4 Nc6 5.Nc3 Qc7 6.Be2 a6 7.O-O Nf6 8.Be3 
Bb4 9.Na4 Be7 10.Nxc6 bxc6 11.Nb6 Rb8 12.Nxc8 Qxc8 13.Bd4 c5 14.Be5 Rb6 
15.Qd3 d6 16.Bc3 O-O 17.b3 d5 18.e5 Nd7 19.f4 c4 20.bxc4 Rc6 21.Qh3 Nb6 
22.Bd3 g6 23.Rf3 Re8 24.cxd5 Rxc3 25.Bxg6 hxg6 26.Rxc3 Bc5+ 27.Kh1 Nxd5 
28.Rc4 Qc7 29.Rd1 Qb6 30.f5 exf5 31.Rh4 Rxe5 32.Rh8+ Kg7 33.Ra8 Kf6 34.
Qh8+ Ke6 35.Qc8+ Ke7 36.Rb8 Qa5 37.Rb7+ Kf6 38.Qh8+ Ke6 39.Qe8+ Be7 40.
Qc6+ Bd6 41.Qd7+ Kf6 42.Qxd6+ Re6 43.Qg3 Kg7 44.Rb8 Re4 45.h3 Qxa2 46.Qd6 
Ne7 47.Qd8 g5 48.Qh8+ Kg6 49.Rb6+ Re6 50.h4 g4 51.h5+ Kg5 52.Qg7+ Kh4 53.
Rxe6 Qxe6 54.h6 Qe2 55.Rg1 Ng6 56.h7 Qe8 57.Qh6+ Kg3 58.Rf1 1-0

[Event "7th Essent op"]
[Site "Hoogeveen NED"]
[Date "2003.10.10"]
[Round "1.17"]
[White "Dambacher, Martijn"]
[Black "Bottema, Tom"]
[Result "1-0"]
[WhiteElo "2419"]
[BlackElo "2305"]
[EventDate "2003.10.10"]
[PlyCount "53"]

1.d4 g6 2.e4 Bg7 3.Nc3 d6 4.h3 Nf6 5.Nge2 c6 6.a4 d5 7.e5 Nfd7 8.f4 f5 9.
exf6 exf6 10.f5 Nf8 11.Ng3 Qe7+ 12.Be2 h5 13.O-O h4 14.Re1 hxg3 15.Bf3 Ne6
16.fxe6 O-O 17.Bf4 Re8 18.Bxd5 cxd5 19.Nxd5 Qd8 20.Nc7 Na6 21.Nxa8 Rxe6 
22.Qd3 f5 23.c3 g5 24.Bxg5 Rxe1+ 25.Rxe1 Qxg5 26.Qc4+ Kh7 27.Qxc8 1-0

[Event "7th Essent op"]
[Site "Hoogeveen NED"]
[Date "2003.10.10"]
[Round "1.18"]
[White "Malinarski, Yehuda"]
[Black "Jonkman, Harmen"]
[Result "0-1"]
[WhiteElo "2180"]
[BlackElo "2414"]
[EventDate "2003.10.10"]
[PlyCount "78"]

1.e4 e5 2.Nf3 Nc6 3.d4 exd4 4.Nxd4 Qf6 5.Be3 Bc5 6.c3 Qg6 7.Nb5 Bxe3 8.
fxe3 Kd8 9.Nd2 Nf6 10.Qf3 d6 11.h3 Re8 12.O-O-O Nxe4 13.Nxe4 Qxe4 14.Qxf7 
Qxe3+ 15.Rd2 Qe1+ 16.Rd1 Qe3+ 17.Rd2 Qe1+ 18.Rd1 Qe7 19.Qxe7+ Rxe7 20.Bd3 
a6 21.Nd4 g6 22.Nxc6+ bxc6 23.Rhf1 Be6 24.c4 Kd7 25.b3 a5 26.Kc2 Ree8 27.
Rf4 c5 28.Be4 c6 29.h4 a4 30.Kb2 Rf8 31.Rdf1 Rxf4 32.Rxf4 d5 33.Bd3 a3+ 
34.Kc3 Ke7 35.Kd2 Rf8 36.Rxf8 Kxf8 37.Kc3 Bf5 38.Be2 d4+ 39.Kd2 Be4 0-1

[Event "7th Essent op"]
[Site "Hoogeveen NED"]
[Date "2003.10.10"]
[Round "1.19"]
[White "Prasad, Devaki V"]
[Black "Bensdorp, Marlies"]
[Result "1-0"]
[WhiteElo "2409"]
[BlackElo "2171"]
[EventDate "2003.10.10"]
[PlyCount "93"]

1.e4 c5 2.Nf3 Nc6 3.d4 cxd4 4.Nxd4 Nf6 5.Nc3 e5 6.Ndb5 d6 7.Bg5 a6 8.Na3 
b5 9.Bxf6 gxf6 10.Nd5 f5 11.c3 Bg7 12.exf5 Bxf5 13.Nc2 O-O 14.Nce3 Be6 15.
Bd3 f5 16.Qh5 e4 17.Bc2 Ne7 18.Rd1 Rc8 19.Bb3 Rc5 20.Nf4 Bxb3 21.axb3 Qd7 
22.b4 Re5 23.O-O Nc6 24.Rd2 Rf6 25.Ned5 Rf7 26.Ra1 Qb7 27.Qg5 Kh8 28.Ne3 
Bf8 29.h4 Be7 30.Qh5 Kg8 31.Rd5 Qc8 32.Rd2 Rg7 33.Kh1 Nb8 34.Rd5 Rf7 35.
Rxe5 dxe5 36.Nfd5 Bd8 37.g4 f4 38.Nf5 Qe6 39.Nh6+ Kf8 40.Qxf7+ Qxf7 41.
Nxf7 Kxf7 42.g5 Ke6 43.Rd1 Nd7 44.Kg2 a5 45.bxa5 Bxa5 46.Kh3 Bd8 47.Kg4 
1-0

[Event "7th Essent op"]
[Site "Hoogeveen NED"]
[Date "2003.10.10"]
[Round "1.20"]
[White "Van Lommel, Patrick"]
[Black "Werle, Jan"]
[Result "0-1"]
[WhiteElo "2168"]
[BlackElo "2409"]
[EventDate "2003.10.10"]
[PlyCount "80"]

1.d4 Nf6 2.c4 e6 3.Nf3 b6 4.a3 Bb7 5.Nc3 d5 6.cxd5 Nxd5 7.Bd2 Be7 8.Qc2 
Nxc3 9.Bxc3 O-O 10.e3 Nd7 11.Bd3 Nf6 12.Rd1 Qd5 13.O-O Ne4 14.Bxe4 Qxe4 
15.Qxe4 Bxe4 16.Ne5 f6 17.Nd3 Rfd8 18.Nf4 Kf7 19.f3 Bb7 20.e4 g5 21.Ne2 c5
22.Kh1 h5 23.h4 gxh4 24.Kh2 cxd4 25.Nxd4 Bd6+ 26.Kh1 Bg3 27.Ne2 Ba6 28.
Rxd8 Rxd8 29.Nxg3 hxg3 30.Re1 e5 31.Kg1 h4 32.Bb4 Kg6 33.Bc3 Kg5 34.Bb4 
Rd7 35.Bc3 Kf4 36.Bb4 h3 37.Kh1 Bb5 38.Bc3 a5 39.Rc1 hxg2+ 40.Kxg2 Be2 0-1

[Event "7th Essent op"]
[Site "Hoogeveen NED"]
[Date "2003.10.10"]
[Round "1.21"]
[White "Grooten, Herman"]
[Black "Cako, Laszlo"]
[Result "1-0"]
[WhiteElo "2390"]
[BlackElo "2164"]
[EventDate "2003.10.10"]
[PlyCount "77"]

1.d4 Nf6 2.c4 e6 3.Nf3 b6 4.a3 Bb7 5.Nc3 d5 6.cxd5 Nxd5 7.e3 Nd7 8.Bd3 c5 
9.e4 Nxc3 10.bxc3 Be7 11.O-O O-O 12.Qe2 Rc8 13.Bb2 Qc7 14.Qe3 e5 15.Bb5 
exd4 16.cxd4 Nf6 17.d5 a6 18.Be5 Ng4 19.Bxc7 Nxe3 20.d6 Rxc7 21.dxc7 Nxf1 
22.Bxf1 Rc8 23.Ne5 Rxc7 24.Bc4 Bf6 25.Rd1 b5 26.Ba2 c4 27.Bb1 g6 28.Nd7 
Bb2 29.e5 Bc6 30.Nf6+ Kf8 31.f4 Ke7 32.Ng8+ Ke8 33.Nf6+ Kf8 34.Be4 Bxe4 
35.Rd8+ Kg7 36.Rg8+ Kh6 37.g4 Bd4+ 38.Kf1 Bd3+ 39.Kg2 1-0

[Event "7th Essent op"]
[Site "Hoogeveen NED"]
[Date "2003.10.10"]
[Round "1.23"]
[White "Nagel, Yvette"]
[Black "Jens, Jelmer"]
[Result "0-1"]
[WhiteElo "2075"]
[BlackElo "2387"]
[EventDate "2003.10.10"]
[PlyCount "56"]

1.e4 e6 2.d4 d5 3.Nd2 Nf6 4.e5 Nfd7 5.f4 c5 6.c3 Nc6 7.Ngf3 cxd4 8.cxd4 a5
9.Bb5 Nb6 10.O-O a4 11.Nb1 Bd7 12.Nc3 Bb4 13.Nxa4 Nxe5 14.Bxd7+ Nexd7 15.
Nxb6 Qxb6 16.Ne5 Nf6 17.f5 O-O 18.Bg5 Ne4 19.Nd7 Qd6 20.Nxf8 Nxg5 21.Qh5 
Bd2 22.h4 Be3+ 23.Kh1 Ne4 24.Rf3 Ng3+ 25.Rxg3 Qxg3 26.Nxh7 Rxa2 27.Rxa2 
Qe1+ 28.Kh2 Bf4+ 0-1

[Event "7th Essent op"]
[Site "Hoogeveen NED"]
[Date "2003.10.10"]
[Round "1.24"]
[White "Slisser, Theo"]
[Black "Williams, Simon Kim"]
[Result "0-1"]
[WhiteElo "2161"]
[BlackElo "2380"]
[EventDate "2003.10.10"]
[PlyCount "94"]

1.d4 e6 2.Nf3 f5 3.c4 Nf6 4.Nc3 Bb4 5.Qb3 c5 6.d5 Ne4 7.Bd2 d6 8.Nxe4 fxe4
9.Bxb4 exf3 10.Bd2 fxg2 11.Bxg2 e5 12.Qg3 O-O 13.Rg1 Rf7 14.O-O-O Nd7 15.
Bh3 Nf8 16.Bxc8 Qxc8 17.f4 Qf5 18.fxe5 dxe5 19.Bc3 Ng6 20.d6 Rd8 21.e3 Qe4
22.Qg5 Rdd7 23.Rg4 Qf3 24.Rg3 Qe2 25.Qg4 Qxg4 26.Rxg4 Rf5 27.b4 cxb4 28.
Bxb4 Kf7 29.c5 Ke6 30.Rg2 Rdf7 31.Rb2 Nf8 32.Ba5 Rf1 33.Bc7 Nd7 34.Rc2 
Rxd1+ 35.Kxd1 Kd5 36.Bd8 e4 37.Be7 Rf1+ 38.Ke2 Rh1 39.Rd2+ Kc6 40.Rd4 
Rxh2+ 41.Kd1 Nxc5 42.Rc4 b6 43.d7 Kxd7 44.Bxc5 bxc5 45.Rxc5 Rxa2 46.Rc4 
Ke6 47.Rxe4+ Kf5 0-1

[Event "7th Essent op"]
[Site "Hoogeveen NED"]
[Date "2003.10.10"]
[Round "1.25"]
[White "Willemze, Jeroen"]
[Black "Van Geffen, Ben"]
[Result "1-0"]
[WhiteElo "2380"]
[BlackElo "2150"]
[EventDate "2003.10.10"]
[PlyCount "77"]

1.e4 e5 2.Nf3 Nc6 3.Nc3 Nf6 4.Bb5 Bb4 5.O-O O-O 6.d3 d6 7.Bg5 Bxc3 8.bxc3 
h6 9.Bh4 Ne7 10.Nd2 Ng6 11.Bg3 c6 12.Bc4 Qa5 13.Nb1 Be6 14.Bb3 Bxb3 15.
cxb3 d5 16.Qc2 Nh5 17.a4 Nxg3 18.hxg3 Rad8 19.Nd2 Qc7 20.Nf3 dxe4 21.dxe4 
Rd7 22.c4 Rfd8 23.c5 Rd3 24.b4 a6 25.Rab1 Nf8 26.b5 cxb5 27.axb5 axb5 28.
Rxb5 f6 29.Rfb1 Qc6 30.Rxb7 Qxe4 31.c6 Rd1+ 32.Rxd1 Qxc2 33.Rxd8 Qxc6 34.
Rbb8 Qc1+ 35.Kh2 g5 36.Rxf8+ Kg7 37.Rfc8 Qf1 38.g4 e4 39.Rc7+ 1-0

[Event "7th Essent op"]
[Site "Hoogeveen NED"]
[Date "2003.10.10"]
[Round "1.26"]
[White "Westerkamp, Bert"]
[Black "Afek, Yochanan"]
[Result "0-1"]
[WhiteElo "2129"]
[BlackElo "2376"]
[EventDate "2003.10.10"]
[PlyCount "46"]

1.d4 Nf6 2.Nf3 g6 3.Bg5 Bg7 4.Nbd2 O-O 5.c3 d5 6.e3 b6 7.Be2 Bb7 8.O-O Ne4
9.Bf4 Nd7 10.a4 a6 11.Qc2 c5 12.Nxe4 dxe4 13.Ng5 cxd4 14.exd4 Nf6 15.Be5 
Qc8 16.Rad1 Qf5 17.Nh3 Bh6 18.Bxf6 Qxf6 19.f3 Qe6 20.fxe4 Bxe4 21.Bd3 Bb7 
22.Rde1 Be3+ 23.Nf2 Qg4 0-1

[Event "7th Essent op"]
[Site "Hoogeveen NED"]
[Date "2003.10.10"]
[Round "1.27"]
[White "Okkes, Menno"]
[Black "Van Weersel, Arlette"]
[Result "1-0"]
[WhiteElo "2352"]
[BlackElo "2128"]
[EventDate "2003.10.10"]
[PlyCount "52"]

1.e4 e5 2.Nc3 Nc6 3.Bc4 Nf6 4.d3 Be7 5.f4 d6 6.Nf3 Bg4 7.h3 Bxf3 8.Qxf3 
Nd4 9.Qd1 c6 10.Ne2 Qb6 11.Nxd4 Qxd4 12.c3 Qc5 13.Qe2 O-O 14.Be3 Qa5 15.
O-O d5 16.fxe5 Nxe4 17.dxe4 dxc4 18.Bf4 Qc5+ 19.Kh1 f6 20.Qg4 fxe5 21.Qe6+
Kh8 22.Bxe5 Rxf1+ 23.Rxf1 Rf8 24.Rf5 Rxf5 25.exf5 h6 26.Qxh6+ Kg8 1-0

[Event "7th Essent op"]
[Site "Hoogeveen NED"]
[Date "2003.10.10"]
[Round "1.28"]
[White "Potze, Rudolf"]
[Black "Hoeksema, Hendrik Pieter"]
[Result "0-1"]
[WhiteElo "2124"]
[BlackElo "2351"]
[EventDate "2003.10.10"]
[PlyCount "82"]

1.e4 g6 2.d4 Bg7 3.Nc3 d6 4.Be3 a6 5.Qd2 Nd7 6.f4 b5 7.Nf3 Bb7 8.Bd3 c5 9.
O-O cxd4 10.Nxd4 Ngf6 11.f5 Ng4 12.fxg6 hxg6 13.Nf3 Nxe3 14.Qxe3 e6 15.
Rae1 Rc8 16.Qf4 Qe7 17.Nd1 Ne5 18.h3 Rc5 19.b3 Nxf3+ 20.Qxf3 O-O 21.Qe2 
Bd4+ 22.Kh1 Qh4 23.Rf3 Rg5 24.Ref1 Be5 25.Ne3 Bxe4 26.Bxe4 Qxe4 27.Qf2 f5 
28.Ng4 Bg7 29.Qh4 Rh5 30.Qe7 Qxg4 31.Qxe6+ Kh7 32.Qxd6 Rf6 33.Qc7 Qe4 34.
Rd1 Rc6 35.Qb7 Rxc2 36.Qxa6 Qe2 37.Rg1 Rg5 38.Rf4 Rxa2 39.Rh4+ Rh5 40.
Rxh5+ gxh5 41.Qc8 Qe4 0-1

[Event "7th Essent op"]
[Site "Hoogeveen NED"]
[Date "2003.10.10"]
[Round "1.29"]
[White "Archangelsky, Mikhail"]
[Black "Van der Veen, Jan"]
[Result "1-0"]
[WhiteElo "2344"]
[BlackElo "2118"]
[EventDate "2003.10.10"]
[PlyCount "101"]

1.d4 Nf6 2.Bg5 g6 3.Nd2 Bg7 4.e4 d6 5.c3 O-O 6.Bc4 e5 7.dxe5 dxe5 8.Ngf3 
h6 9.Bh4 Qe8 10.Bxf6 Bxf6 11.O-O Nd7 12.Qe2 Nb6 13.Bb3 Be6 14.Rfd1 Qc6 15.
Qe3 Kg7 16.Bxe6 Qxe6 17.Qc5 c6 18.a4 Nd7 19.Qc4 Qe7 20.a5 Nc5 21.Nf1 Rfd8 
22.b4 Na6 23.Ne3 Nc7 24.h3 h5 25.Kf1 Kh7 26.Rxd8 Rxd8 27.Rd1 Rxd1+ 28.Nxd1
Bg7 29.Ke2 a6 30.h4 f6 31.Nb2 Bf8 32.Qd3 Kg7 33.Nc4 Ne6 34.g3 c5 35.Nb6 
cxb4 36.Nd5 Qd7 37.cxb4 Qc6 38.Kd2 Qa4 39.Qc3 Qb5 40.Nxe5 fxe5 41.Qxe5+ 
Kh7 42.Qxe6 Bxb4+ 43.Nxb4 Qxb4+ 44.Kd3 Qb1+ 45.Kd4 Qa1+ 46.Ke3 Qxa5 47.
Qf7+ Kh6 48.Qxb7 Qc3+ 49.Ke2 a5 50.Qd5 a4 51.Qd2+ 1-0

[Event "7th Essent op"]
[Site "Hoogeveen NED"]
[Date "2003.10.10"]
[Round "1.30"]
[White "Hendriks, Richard V"]
[Black "Erwich, Marc"]
[Result "0-1"]
[WhiteElo "2108"]
[BlackElo "2333"]
[EventDate "2003.10.10"]
[PlyCount "118"]

1.c4 e5 2.Nc3 Nf6 3.g3 d5 4.cxd5 Nxd5 5.Bg2 Nb6 6.Nf3 Nc6 7.O-O Be7 8.d3 
O-O 9.a3 a5 10.Be3 Be6 11.Rc1 Nd5 12.Nxd5 Bxd5 13.Qa4 Qe8 14.Qb5 Rd8 15.
Rfd1 Qd7 16.Kf1 f6 17.Nd2 Bxg2+ 18.Kxg2 Qd5+ 19.Qxd5+ Rxd5 20.Ne4 Rb5 21.
Rd2 Rd8 22.f4 exf4 23.gxf4 Kf7 24.Nc3 Rb3 25.Na4 Bd6 26.Kf3 Rb5 27.Bc5 
Bxc5 28.Rxc5 Rxc5 29.Nxc5 b6 30.Ne4 Nd4+ 31.Kf2 h6 32.Rd1 g5 33.e3 Nb3 34.
fxg5 hxg5 35.d4 c5 36.d5 Kg6 37.Nc3 Kf5 38.a4 Ke5 39.Kg3 c4 40.Kg4 Rh8 41.
Rf1 Rh4+ 42.Kg3 Nc5 43.d6 Rh8 44.Rd1 Rd8 45.Rd5+ Ke6 46.Rd4 Rxd6 47.Rxc4 
Ke5 48.Kf3 f5 49.h4 g4+ 50.Ke2 Rh6 51.b4 axb4 52.Rxb4 Rxh4 53.Rxb6 Rh2+ 
54.Kf1 Rc2 55.Ne2 Ke4 56.Rf6 Nb3 57.a5 Kxe3 58.Rxf5 Nd2+ 59.Kg2 Ne4 0-1

[Event "7th Essent op"]
[Site "Hoogeveen NED"]
[Date "2003.10.10"]
[Round "1.31"]
[White "Pel, Bonno"]
[Black "Galje, Hans"]
[Result "1/2-1/2"]
[WhiteElo "2304"]
[BlackElo "2089"]
[EventDate "2003.10.10"]
[PlyCount "100"]

1.e4 e6 2.d3 d5 3.Nd2 c5 4.Ngf3 Nc6 5.c3 Bd6 6.Be2 Nge7 7.O-O O-O 8.Re1 b6
9.Bf1 Ng6 10.a3 a5 11.a4 Ba6 12.Qb3 Bc7 13.exd5 exd5 14.d4 c4 15.Qd1 Bc8 
16.b3 cxb3 17.Ba3 Bd6 18.Bxd6 Qxd6 19.Qxb3 Nce7 20.Rab1 Rb8 21.c4 Bf5 22.
Rbc1 Rfc8 23.cxd5 Nxd5 24.Nc4 Qd8 25.Nce5 Nge7 26.Bc4 Qd6 27.g3 h6 28.Nh4 
Be6 29.Ng2 Nf5 30.Nf3 Nc7 31.Bxe6 Nxe6 32.d5 Ned4 33.Nxd4 Nxd4 34.Rxc8+ 
Rxc8 35.Qd1 Qxd5 36.Nf4 Nf3+ 37.Kh1 Qxd1 38.Rxd1 Rc4 39.Rd6 Rxa4 40.Rxb6 
Ra2 41.Kg2 Ne5 42.h3 a4 43.Rb5 Nc4 44.Rb4 Ne3+ 45.Kf3 Nc2 46.Rb8+ Kh7 47.
Nd3 a3 48.Ra8 Ra1 49.Ke2 Nd4+ 50.Kd2 Nb5 1/2-1/2

[Event "7th Essent op"]
[Site "Hoogeveen NED"]
[Date "2003.10.10"]
[Round "1.32"]
[White "Rubingh, Otto"]
[Black "Rothuis, Vincent"]
[Result "1-0"]
[WhiteElo "2299"]
[BlackElo "2071"]
[EventDate "2003.10.10"]
[PlyCount "57"]

1.d4 Nf6 2.Nf3 e6 3.Bg5 Be7 4.Nbd2 d5 5.e3 b6 6.Ne5 O-O 7.Bd3 Bb7 8.O-O 
Nbd7 9.f4 c5 10.c3 cxd4 11.exd4 h6 12.Bxf6 Nxf6 13.Qf3 a5 14.g4 Nd7 15.
Nxd7 Qxd7 16.g5 Ba6 17.Bxa6 Rxa6 18.gxh6 g6 19.Qd3 Raa8 20.Nf3 Qd8 21.Ne5 
Kh7 22.Kh1 Qe8 23.f5 exf5 24.Rxf5 f6 25.Nxg6 Kxg6 26.Re5+ f5 27.Rg1+ Kh7 
28.Rg7+ Kxh6 29.Rexe7 1-0